Normal view
MARC view
Entry Personal Name
001 - CONTROL NUMBER
- control field: 22574
003 - CONTROL NUMBER IDENTIFIER
- control field: dpl
005 - DATE AND TIME OF LATEST TRANSACTION
- control field: 20100930154449.0
008 - FIXED-LENGTH DATA ELEMENTS
- fixed length control field: 100930|||a|||||| | ||| d
040 ## - CATALOGING SOURCE
- Original cataloging agency: dpl
- Transcribing agency: dpl
100 ## - HEADING--PERSONAL NAME
- Personal name: गजानन माधव मुक्तिबोध
670 ## - SOURCE DATA FOUND
- Source citation: Work cat.: (dpl)34195: गजानन माधव मुक्तिबोध, जब प्रश्नचिन्ह बौखला उठे /, 2009
670 ## - SOURCE DATA FOUND
- Source citation: Work cat.: (dpl)34195: गजानन माधव मुक्तिबोध, जब प्रश्नचिन्ह बौखला उठे /, 2009
